000 00722nam a2200289Ia 4500
005 20260324135111.0
008 008 260324s9999 xx 000 0 eng d
020 _a9781315196763
037 _aEBOOK
040 _aCRL
040 _beng
040 _cCRL
041 _2eng
041 _aeng
084 _qCRL
100 _aYongxin Zhou; Nelson Chow; Yeubin Xu
_91199336
245 0 _aSocialist Welfare in a Market Economy
245 0 _bSocial Security Reforms in Guangzhou, China
260 _bTaylor and Francis
260 _c2001
365 _a
365 _b170
856 _uhttp://www.taylorfrancis.com/books/9781315196763
942 _cEBOOK
999 _c1800066
_d1800066